000 01168nam a2200337 i 4500
001 000045780
003 DO-SdBNP
005 20251124092713.0
007 ta
008 110221t1999 dr a r 000 p spa d
040 _aDO-SdBNP
_bspa
_cBNPHU
_erda
041 _aspa
082 4 _aRD861.44
_bJ61a
_222
100 1 _aJiménez Alcántara, Miguel Antonio,
_d1955-
_eautor
_4aut.
_952459
245 1 0 _aAmante del amor /
_cMiguel Antonio Jiménez.
250 _aPrimera edición
264 1 _aSanto Domingo, República Dominicana :
_bUniversidad Autónoma de Santo Domingo,
_c1999.
300 _a113 páginas :
_bilustraciones ;
_c22 cm.
336 _atexto
_btxt
_2rdacontent
337 _asin mediación
_bn
_2rdamedia
338 _avolumen
_bnc
_2rdacarrier
490 1 _aColección Taller literario César Vallejo
490 1 _aHorizonte
_v1
500 _aIncluye datos biográficos del autor en las solapas
590 _aInventariado, 2018/BT
650 4 _aPoesía dominicana
_966
650 4 _aLiteratura dominicana.
_967
830 0 _aTaller literario César Vallejo
_943665
_pHorizonte
_n1
910 _aValidado. Control de calidad. MFF
942 _2ddc
_cLBS1
999 _c45269
_d45269